000 00537nam a22001937a 4500
005 20251108173408.0
008 250721s2002 xx 000 0 ara d
082 1 4 _aم/346.6208/مرا
100 1 _aمراد، عبد الفتاح
_eمؤلف
245 1 0 _aموسوعة البنوك /
264 1 _aالإسكندرية :
_bمراد،
_c(2002).
300 _a
650 1 7 _aالقانون
650 1 7 _aالبنوك المركزية
650 1 7 _aالقواميس
650 1 7 _aمصر
942 _2ddc
_cREF
999 _c102882
_d102882